Statistics for Island Chains

Click here to take the quiz!

General Stats

  • This quiz has been taken 43 times
  • The average score is 14 of 22

Answer Stats

ClueIsland Chain% Correct
Site of the 1982 Argentinian invasionFalklands
92%
Most of its people speak TagalogPhilippines
85%
"Land of Fire"Tierra del {Fuego}
82%
Where Darwin studies finchesGalapagos
82%
Located off the Moroccan coastCanary
79%
Cuba, Puerto Rico, Jamaica
and Hispaniola
Greater
{Antilles}
77%
Spanish island chain famous for
its party islands
Balearic
77%
Suva is its biggest settlementFiji
77%
Home to the southernmost part
of the continental U.S.
Florida {Keys}
74%
Guadalcanal and BougainvilleSolomon
67%
Richest African nationSeychelles
64%
1,200 mi long Alaskan island chainAleutian
64%
Most threatened country by
Global Warming
Maldives
62%
Indian island chain that is the
counter-part of Nicobar Islands
Andaman
59%
British archipelago north of NormandyChannel
59%
Where the U.S. tested 23
nuclear bombs
Marshall
56%
This is its flag: Faroe
56%
Scottish archipelago past OrkneyShetland
56%
Once called the "Sandwich Islands"Hawaii
51%
Tree-like Dubai island chainPalm
41%
Francis Drake attacked them in 1585Cape Verde
33%
"Ιόνια νησιά" is its Greek nameIonian
26%

Score Distribution

Percentile by Number Answered

Percent of People with Each Score

Your Score History

You have not taken this quiz